000
00367 a2200169 4500
250
_a
2ème éd.
245
_a
Introduction à l'étude des glandes endocrines
100
_a
Girod, C.
260
_c
1980
300
_a
408 p.
035
_a
2816
035
_a
2817
035
_a
3258
999
_c
16713
_d
16713